DOCUMENTAL DEL PERU/

Gardado en:
Detalles Bibliográficos
Outros autores: Cortázar, Pedro Felipe (autor) (autor)
Formato: Libro
Edición:4a edición
Temas:
Etiquetas: Engadir etiqueta
Sen Etiquetas, Sexa o primeiro en etiquetar este rexistro!

MARC

LEADER 00000nam^a2200000^a^4500
001 000224143
005 20250521000000.0
009 20260310104041.072
035 |a 041975 
037 |a Acervo Xavier Clavigero 
082 |a 918. 5372  |b DOC V. 8 
245 1 0 |a DOCUMENTAL DEL PERU/  |c DIR. PEDRO FELIPE CORTAZAR 
250 |a 4a edición 
264 |a LIMA, PERU :  |b IOPPE,  |c 1970 
300 |a V.- :  |b retrs. 
336 |a texto  |b txt  |2 rdacontenido 
337 |a sin mediación  |b n  |2 rdamedio 
338 |a volumen  |b nc  |2 rdasoporte 
649 |a XX 
650 |a Cuzco, Perú -  |x Descripción 
700 |a Cortázar, Pedro Felipe  |e (autor) 
910 |a Fondo General 
920 |a Impresos - Libros 
930 |a Colección General 
905 |a 101 
901 |a 041975  |b IT1  |c ACC  |i 041975  |u 20250521 
902 |a https://opac.biblio.iteso.mx/vufind/Record/000224143